000 nam a22 7a 4500
999 _c15374
_d15374
008 161031b xxu||||| |||| 00| 0 eng d
020 _a0827377126
020 _a9780827377127
050 _aR 728.8 .K44 1998
100 _aKeir, Lucille
245 _aMedical assisting :
_badministrative and clinical competencies/
_cLucille Keir, Barbara A. Wise and Connie Krebs.
250 _a4th ed.
260 _aAlbany, N.Y. :
_bDelmar Publishers,
_c©1998.
300 _axxii, 824p. :
_bill. ;
_c27cm.
500 _aIncludes bibliography and index.
650 _a Medical assistants.
650 _a Physician Assistants.
650 _aClinical Competence.
700 _aWise, Barbara A.
700 _a Krebs, Connie
942 _2lcc
_cBOOKS
_hR 728.8 .K44 1998